000 00787cam a22002533a 4500
001 1110
003 PGUSA
005 20140828082957.0
008 971101s1997||||xxu|||||s|||||000 | eng d
040 _aPGUSA
_beng
042 _adc
050 4 _aPR
100 1 _aShakespeare, William,
_d1564-1616
245 1 0 _aKing John
_h[electronic resource] /
_cWilliam Shakespeare
260 _bProject Gutenberg,
_c1997
500 _aWorld Library
506 _aCopyrighted. Read the copyright notice inside this book for details.
516 _aElectronic text
653 _aGreat Britain -- History -- John, 1199-1216 -- Drama
653 _aJohn, King of England, 1167-1216 -- Drama
830 0 _aProject Gutenberg
_v1110
856 4 0 _uhttp://www.gutenberg.org/ebooks/1110
942 _cEB
999 _c230458
_d230458